| 000 | 01224nam a2200313 i 4500 | ||
|---|---|---|---|
| 001 | 179792 | ||
| 003 | ES-MaACL | ||
| 005 | 20250804224051.0 | ||
| 008 | 120124s2004 pe aco |||| |bspa d | ||
| 020 | _a9972-890-61-9 | ||
| 080 | _a316.72(8=134.2) | ||
| 080 | _a008(8=134.2) | ||
| 080 | _a821.134.2(85)-82"19" | ||
| 100 | 1 |
_aOrrego, Antenor. _9149199 |
|
| 245 | 1 | 0 |
_aAntenor Orrego _b: modernidad y culturas americanas : páginas escogidas / _cEugenio Chang-Rodríguez: selección, introducción, cronología y bibliografía. |
| 260 |
_aLima : _bFondo Editorial del Congreso del Perú, _c2004. |
||
| 300 |
_a495 p. : _bil., fot. ; _c21 cm. |
||
| 500 | _aCronología. | ||
| 500 | _aÍndices. | ||
| 504 | _aBibliografía: p. 435-444. | ||
| 600 | 1 | 4 |
_aOrrego, Antenor. _9149199 |
| 650 | 0 | 4 |
_aIdentidad cultural- _zAmérica Latina _913531 |
| 651 | 4 |
_aAmérica Latina- _xCivilización _97742 |
|
| 700 | 1 |
_aChang-Rodríguez, Eugenio. _937971 |
|
| 852 |
_aES-MaACL _jA-11926 _9186692 _bR.146711 _cDEPO1 _dOlim: N-4931 _xDonación: José Luis Abellán _zDedicatoria autógrafa del autor |
||
| 903 |
_aAbellán, José Luis, _d1933-2023 _ednr _q1 _9176509 |
||
| 942 |
_2udc _cMONOGRAFIA |
||
| 999 |
_c179792 _d179792 |
||